10+ Premier League Goals In A Season - Statistics

General Stats
  • This quiz has been taken 824 times
    200 since last reset
  • The average score is 486 of 779
Answer Stats
% Correct
2024/25 Liverpool Egypt 32 Mohamed Salah 29
100%
2023/24 Liverpool Egypt 31 Mohamed Salah 18
100%
2022/23 Liverpool Egypt 30 Mohamed Salah 19
100%
2021/22 Liverpool Egypt 29 Mohamed Salah 23
100%
2020/21 Liverpool Egypt 28 Mohamed Salah 22
100%
2019/20 Liverpool Egypt 28 Mohamed Salah 19
100%
2018/19 Liverpool Egypt 26 Mohamed Salah 22
100%
2017/18 Liverpool Egypt 25 Mohamed Salah 32
100%
2024/25 Manchester City Norway 24 Erling Haaland 22
99%
2023/24 Manchester City Norway 23 Erling Haaland 27
99%
2022/23 Manchester City Norway 22 Erling Haaland 36
99%
2024/25 Newcastle United Sweden 25 Alexander Isak 23
98%
2023/24 Newcastle United Sweden 24 Alexander Isak 21
98%
2022/23 Newcastle United Sweden 23 Alexander Isak 10
98%
2022/23 Tottenham Hotspur England 29 Harry Kane 30
98%
2021/22 Tottenham Hotspur England 28 Harry Kane 17
98%
2020/21 Tottenham Hotspur England 27 Harry Kane 23
98%
2019/20 Tottenham Hotspur England 26 Harry Kane 18
98%
2018/19 Tottenham Hotspur England 25 Harry Kane 17
98%
2017/18 Tottenham Hotspur England 24 Harry Kane 30
98%
2016/17 Tottenham Hotspur England 23 Harry Kane 29
98%
2015/16 Tottenham Hotspur England 22 Harry Kane 25
98%
2014/15 Tottenham Hotspur England 21 Harry Kane 21
98%
2024/25 Chelsea England 23 Cole Palmer 15
97%
2023/24 Chelsea England 22 Cole Palmer 22
97%
2021/22 Manchester United Portugal 37 Cristiano Ronaldo 18
97%
2008/09 Manchester United Portugal 24 Cristiano Ronaldo 18
97%
2007/08 Manchester United Portugal 23 Cristiano Ronaldo 31
97%
2006/07 Manchester United Portugal 22 Cristiano Ronaldo 17
97%
2023/24 Tottenham Hotspur South Korea 31 Son Heung-min 17
97%
2022/23 Tottenham Hotspur South Korea 30 Son Heung-min 10
97%
2021/22 Tottenham Hotspur South Korea 29 Son Heung-min 23
97%
2020/21 Tottenham Hotspur South Korea 28 Son Heung-min 17
97%
2019/20 Tottenham Hotspur South Korea 28 Son Heung-min 11
97%
2018/19 Tottenham Hotspur South Korea 26 Son Heung-min 12
97%
2017/18 Tottenham Hotspur South Korea 25 Son Heung-min 12
97%
2016/17 Tottenham Hotspur South Korea 24 Son Heung-min 14
97%
2023/24 Manchester United Portugal 29 Bruno Fernandes 10
96%
2021/22 Manchester United Portugal 27 Bruno Fernandes 10
96%
2020/21 Manchester United Portugal 26 Bruno Fernandes 18
96%
2012/13 Newcastle United & Chelsea Senegal 27 Demba Ba 15
96%
2011/12 Newcastle United Senegal 26 Demba Ba 16
96%
2021/22 Liverpool Senegal 30 Sadio Mané 16
96%
2020/21 Liverpool Senegal 29 Sadio Mané 11
96%
2019/20 Liverpool Senegal 28 Sadio Mané 18
96%
2018/19 Liverpool Senegal 27 Sadio Mané 22
96%
2017/18 Liverpool Senegal 26 Sadio Mané 10
96%
2016/17 Liverpool Senegal 24 Sadio Mané 13
96%
2015/16 Southampton Senegal 24 Sadio Mané 11
96%
2014/15 Southampton Senegal 23 Sadio Mané 10
96%
2023/24 Arsenal England 22 Bukayo Saka 16
95%
2022/23 Arsenal England 21 Bukayo Saka 14
95%
2021/22 Arsenal England 20 Bukayo Saka 11
95%
2023/24 Liverpool Portugal 27 Diogo Jota 10
95%
2021/22 Liverpool Portugal 25 Diogo Jota 15
95%
2021/22 Leicester City England 35 Jamie Vardy 15
95%
2020/21 Leicester City England 34 Jamie Vardy 15
95%
2019/20 Leicester City England 33 Jamie Vardy 23
95%
2018/19 Leicester City England 32 Jamie Vardy 18
95%
2017/18 Leicester City England 31 Jamie Vardy 20
95%
2016/17 Leicester City England 30 Jamie Vardy 13
95%
2015/16 Leicester City England 29 Jamie Vardy 24
95%
2022/23 Liverpool Brazil 31 Roberto Firmino 11
95%
2018/19 Liverpool Brazil 27 Roberto Firmino 12
95%
2017/18 Liverpool Brazil 26 Roberto Firmino 15
95%
2016/17 Liverpool Brazil 25 Roberto Firmino 11
95%
2015/16 Liverpool Brazil 24 Roberto Firmino 10
95%
2023/24 Liverpool Uruguay 24 Darwin Núñez 11
94%
2021/22 Manchester City Belgium 30 Kevin De Bruyne 15
94%
2019/20 Manchester City Belgium 29 Kevin De Bruyne 13
94%
2023/24 Manchester City England 23 Phil Foden 19
94%
2022/23 Manchester City England 23 Phil Foden 11
94%
2022/23 Arsenal Norway 24 Martin Ødegaard 15
93%
2020/21 Arsenal Gabon 31 Pierre-Emerick Aubameyang 10
93%
2019/20 Arsenal Gabon 31 Pierre-Emerick Aubameyang 22
93%
2018/19 Arsenal Gabon 29 Pierre-Emerick Aubameyang 22
93%
2017/18 Arsenal Gabon 28 Pierre-Emerick Aubameyang 10
93%
2018/19 Chelsea Belgium 28 Eden Hazard 16
92%
2017/18 Chelsea Belgium 27 Eden Hazard 12
92%
2016/17 Chelsea Belgium 26 Eden Hazard 16
92%
2014/15 Chelsea Belgium 24 Eden Hazard 14
92%
2013/14 Chelsea Belgium 23 Eden Hazard 14
92%
2022/23 Arsenal Brazil 26 Gabriel Jesus 11
92%
2019/20 Manchester City Brazil 23 Gabriel Jesus 14
92%
2017/18 Manchester City Brazil 21 Gabriel Jesus 13
92%
2024/25 Liverpool Colombia 28 Luis Díaz 13
92%
2022/23 Manchester United England 25 Marcus Rashford 17
92%
2020/21 Manchester United England 23 Marcus Rashford 11
92%
2019/20 Manchester United England 22 Marcus Rashford 17
92%
2018/19 Manchester United England 21 Marcus Rashford 10
92%
2021/22 Manchester City England 27 Raheem Sterling 13
92%
2020/21 Manchester City England 26 Raheem Sterling 10
92%
2019/20 Manchester City England 25 Raheem Sterling 20
92%
2018/19 Manchester City England 24 Raheem Sterling 17
92%
2017/18 Manchester City England 23 Raheem Sterling 18
92%
2021/22 Manchester City Algeria 31 Riyad Mahrez 11
92%
2019/20 Manchester City Algeria 29 Riyad Mahrez 11
92%
2017/18 Leicester City Algeria 27 Riyad Mahrez 12
92%
2015/16 Leicester City Algeria 25 Riyad Mahrez 17
92%
2019/20 Manchester City Argentina 32 Sergio Agüero 16
92%
2018/19 Manchester City Argentina 30 Sergio Agüero 21
92%
2017/18 Manchester City Argentina 29 Sergio Agüero 21
92%
2016/17 Manchester City Argentina 28 Sergio Agüero 20
92%
2015/16 Manchester City Argentina 27 Sergio Agüero 24
92%
2014/15 Manchester City Argentina 26 Sergio Agüero 26
92%
2013/14 Manchester City Argentina 25 Sergio Agüero 17
92%
2012/13 Manchester City Argentina 24 Sergio Agüero 12
92%
2011/12 Manchester City Argentina 23 Sergio Agüero 23
92%
2017/18 Everton England 32 Wayne Rooney 10
92%
2014/15 Manchester United England 29 Wayne Rooney 12
92%
2013/14 Manchester United England 28 Wayne Rooney 17
92%
2012/13 Manchester United England 27 Wayne Rooney 12
92%
2011/12 Manchester United England 26 Wayne Rooney 27
92%
2010/11 Manchester United England 25 Wayne Rooney 11
92%
2009/10 Manchester United England 24 Wayne Rooney 26
92%
2008/09 Manchester United England 23 Wayne Rooney 12
92%
2007/08 Manchester United England 22 Wayne Rooney 12
92%
2006/07 Manchester United England 21 Wayne Rooney 14
92%
2005/06 Manchester United England 20 Wayne Rooney 16
92%
2004/05 Manchester United England 19 Wayne Rooney 11
92%
2010/11 Chelsea Ivory Coast 33 Didier Drogba 11
91%
2009/10 Chelsea Ivory Coast 32 Didier Drogba 29
91%
2006/07 Chelsea Ivory Coast 29 Didier Drogba 20
91%
2005/06 Chelsea Ivory Coast 28 Didier Drogba 12
91%
2004/05 Chelsea Ivory Coast 27 Didier Drogba 10
91%
2012/13 Chelsea England 34 Frank Lampard 15
91%
2011/12 Chelsea England 33 Frank Lampard 11
91%
2010/11 Chelsea England 32 Frank Lampard 10
91%
2009/10 Chelsea England 31 Frank Lampard 22
91%
2008/09 Chelsea England 30 Frank Lampard 12
91%
2007/08 Chelsea England 29 Frank Lampard 10
91%
2006/07 Chelsea England 28 Frank Lampard 11
91%
2005/06 Chelsea England 27 Frank Lampard 16
91%
2004/05 Chelsea England 26 Frank Lampard 13
91%
2003/04 Chelsea England 25 Frank Lampard 10
91%
2022/23 Arsenal Brazil 21 Gabriel Martinelli 15
91%
2020/21 Tottenham Hotspur Wales 31 Gareth Bale 11
91%
2012/13 Tottenham Hotspur Wales 23 Gareth Bale 21
91%
2023/24 Arsenal Germany 24 Kai Havertz 13
91%
2023/24 Tottenham Hotspur Brazil 26 Richarlison 11
91%
2021/22 Everton Brazil 25 Richarlison 10
91%
2019/20 Everton Brazil 23 Richarlison 13
91%
2018/19 Everton Brazil 21 Richarlison 13
91%
2020/21 Arsenal France 29 Alexandre Lacazette 13
90%
2019/20 Arsenal France 29 Alexandre Lacazette 10
90%
2018/19 Arsenal France 27 Alexandre Lacazette 13
90%
2017/18 Arsenal France 26 Alexandre Lacazette 14
90%
2017/18 Tottenham Hotspur Denmark 26 Christian Eriksen 10
90%
2014/15 Tottenham Hotspur Denmark 23 Christian Eriksen 10
90%
2024/25 Nottingham Forest New Zealand 33 Chris Wood 20
90%
2023/24 Nottingham Forest New Zealand 32 Chris Wood 14
90%
2020/21 Burnley New Zealand 29 Chris Wood 12
90%
2019/20 Burnley New Zealand 28 Chris Wood 14
90%
2018/19 Burnley New Zealand 27 Chris Wood 10
90%
2017/18 Burnley New Zealand 26 Chris Wood 10
90%
2020/21 Manchester City Germany 30 İlkay Gündoğan 13
90%
2023/24 Arsenal Belgium 29 Leandro Trossard 12
90%
2024/25 Chelsea Senegal 23 Nicolas Jackson 10
90%
2023/24 Chelsea Senegal 22 Nicolas Jackson 14
90%
2024/25 Aston Villa England 29 Ollie Watkins 16
90%
2023/24 Aston Villa England 28 Ollie Watkins 19
90%
2022/23 Aston Villa England 27 Ollie Watkins 15
90%
2021/22 Aston Villa England 26 Ollie Watkins 11
90%
2020/21 Aston Villa England 25 Ollie Watkins 14
90%
2016/17 Manchester United Sweden 35 Zlatan Ibrahimović 17
90%
2016/17 Arsenal Chile 28 Alexis Sánchez 24
89%
2015/16 Arsenal Chile 27 Alexis Sánchez 13
89%
2014/15 Arsenal Chile 26 Alexis Sánchez 16
89%
2019/20 Manchester United France 24 Anthony Martial 17
89%
2018/19 Manchester United France 23 Anthony Martial 10
89%
2015/16 Manchester United France 20 Anthony Martial 11
89%
2024/25 Liverpool Netherlands 26 Cody Gakpo 10
89%
2010/11 Liverpool & Chelsea Spain 27 Fernando Torres 10
89%
2009/10 Liverpool Spain 26 Fernando Torres 18
89%
2008/09 Liverpool Spain 25 Fernando Torres 14
89%
2007/08 Liverpool Spain 24 Fernando Torres 24
89%
2023/24 Manchester City Argentina 24 Julián Alvarez 11
89%
2013/14 Liverpool Uruguay 27 Luis Suárez 31
89%
2012/13 Liverpool Uruguay 26 Luis Suárez 23
89%
2011/12 Liverpool Uruguay 25 Luis Suárez 11
89%
2024/25 Tottenham Hotspur Wales 24 Brennan Johnson 11
88%
2023/24 Manchester United Denmark 21 Rasmus Højlund 10
88%
2014/15 Manchester United Netherlands 31 Robin van Persie 10
88%
2013/14 Manchester United Netherlands 30 Robin van Persie 12
88%
2012/13 Manchester United Netherlands 29 Robin van Persie 26
88%
2011/12 Arsenal Netherlands 28 Robin van Persie 30
88%
2010/11 Arsenal Netherlands 27 Robin van Persie 18
88%
2008/09 Arsenal Netherlands 25 Robin van Persie 11
88%
2006/07 Arsenal Netherlands 23 Robin van Persie 11
88%
2005/06 Fulham Netherlands 20 Collins John 11
87%
2012/13 Fulham Bulgaria 32 Dimitar Berbatov 15
87%
2010/11 Manchester United Bulgaria 30 Dimitar Berbatov 20
87%
2009/10 Manchester United Bulgaria 29 Dimitar Berbatov 12
87%
2007/08 Tottenham Hotspur Bulgaria 27 Dimitar Berbatov 15
87%
2006/07 Tottenham Hotspur Bulgaria 26 Dimitar Berbatov 12
87%
2018/19 Manchester City Germany 23 Leroy Sané 10
87%
2017/18 Manchester City Germany 22 Leroy Sané 10
87%
2024/25 Brentford Cameroon 25 Bryan Mbeumo 20
86%
2023/24 Luton Town England 26 Elijah Adebayo 10
86%
2024/25 Brighton & Hove Albion Brazil 23 João Pedro 10
86%
2018/19 Manchester United Belgium 25 Romelu Lukaku 12
86%
2017/18 Manchester United Belgium 24 Romelu Lukaku 16
86%
2016/17 Everton Belgium 24 Romelu Lukaku 25
86%
2015/16 Everton Belgium 23 Romelu Lukaku 18
86%
2014/15 Everton Belgium 22 Romelu Lukaku 10
86%
2013/14 Everton Belgium 20 Romelu Lukaku 15
86%
2012/13 West Bromwich Albion Belgium 20 Romelu Lukaku 17
86%
2006/07 Arsenal France 29 Thierry Henry 10
86%
2005/06 Arsenal France 28 Thierry Henry 27
86%
2004/05 Arsenal France 27 Thierry Henry 25
86%
2003/04 Arsenal France 26 Thierry Henry 30
86%
2002/03 Arsenal France 25 Thierry Henry 24
86%
2001/02 Arsenal France 24 Thierry Henry 24
86%
2000/01 Arsenal France 23 Thierry Henry 17
86%
1999/00 Arsenal France 22 Thierry Henry 17
86%
2022/23 Fulham Serbia 28 Aleksandar Mitrović 14
85%
2018/19 Fulham Serbia 24 Aleksandar Mitrović 11
85%
2012/13 Manchester City Argentina 29 Carlos Tevez 11
85%
2010/11 Manchester City Argentina 27 Carlos Tevez 20
85%
2009/10 Manchester City Argentina 26 Carlos Tevez 23
85%
2007/08 Manchester United Argentina 24 Carlos Tevez 14
85%
2013/14 Manchester City Bosnia 28 Edin Džeko 16
85%
2012/13 Manchester City Bosnia 27 Edin Džeko 14
85%
2011/12 Manchester City Bosnia 26 Edin Džeko 14
85%
2020/21 Manchester United Uruguay 34 Edinson Cavani 10
85%
2013/14 Tottenham Hotspur Togo 30 Emmanuel Adebayor 11
85%
2011/12 Tottenham Hotspur Togo 28 Emmanuel Adebayor 17
85%
2009/10 Manchester City Togo 26 Emmanuel Adebayor 14
85%
2008/09 Arsenal Togo 25 Emmanuel Adebayor 10
85%
2007/08 Arsenal Togo 24 Emmanuel Adebayor 24
85%
2012/13 Manchester United Mexico 24 Javier Hernández 10
85%
2011/12 Manchester United Mexico 23 Javier Hernández 10
85%
2010/11 Manchester United Mexico 22 Javier Hernández 13
85%
2024/25 Wolverhampton Wanderers Brazil 25 Matheus Cunha 15
85%
2023/24 Wolverhampton Wanderers Brazil 24 Matheus Cunha 12
85%
2018/19 Manchester United France 26 Paul Pogba 13
85%
2013/14 Liverpool England 33 Steven Gerrard 13
85%
2012/13 Liverpool England 32 Steven Gerrard 10
85%
2008/09 Liverpool England 28 Steven Gerrard 16
85%
2007/08 Liverpool England 27 Steven Gerrard 11
85%
2005/06 Liverpool England 25 Steven Gerrard 10
85%
2006/07 Everton England 26 Andrew Johnson 11
84%
2004/05 Crystal Palace England 24 Andrew Johnson 21
84%
2016/17 Chelsea Spain 28 Diego Costa 20
84%
2015/16 Chelsea Spain 27 Diego Costa 12
84%
2014/15 Chelsea Spain 26 Diego Costa 20
84%
2024/25 Brighton & Hove Albion Japan 28 Kaoru Mitoma 10
84%
2013/14 Liverpool England 24 Daniel Sturridge 22
83%
2012/13 Chelsea & Liverpool England 23 Daniel Sturridge 11
83%
2011/12 Chelsea England 22 Daniel Sturridge 11
83%
2024/25 Brighton & Hove Albion England 34 Danny Welbeck 10
83%
2014/15 Manchester City Spain 29 David Silva 12
83%
1996/97 Derby County England 23 Dean Sturridge 11
83%
2023/24 Crystal Palace England 25 Eberechi Eze 11
83%
2022/23 Crystal Palace England 24 Eberechi Eze 10
83%
2021/22 Chelsea England 23 Mason Mount 11
83%
2006/07 Arsenal Brazil 30 Gilberto Silva 10
82%
2022/23 Leicester City England 26 James Maddison 10
82%
2021/22 Leicester City England 25 James Maddison 12
82%
2024/25 Crystal Palace France 27 Jean-Philippe Mateta 14
82%
2023/24 Crystal Palace France 26 Jean-Philippe Mateta 16
82%
2009/10 Chelsea France 31 Nicolas Anelka 11
82%
2008/09 Chelsea France 30 Nicolas Anelka 19
82%
2007/08 Bolton Wanderers & Chelsea France 29 Nicolas Anelka 11
82%
2006/07 Bolton Wanderers France 28 Nicolas Anelka 11
82%
2003/04 Manchester City France 25 Nicolas Anelka 16
82%
2002/03 Manchester City France 24 Nicolas Anelka 14
82%
1998/99 Arsenal France 20 Nicolas Anelka 17
82%
2024/25 Fulham Mexico 34 Raúl Jiménez 12
82%
2019/20 Wolverhampton Wanderers Mexico 29 Raúl Jiménez 17
82%
2018/19 Wolverhampton Wanderers Mexico 28 Raúl Jiménez 13
82%
2021/22 Norwich City Finland 32 Teemu Pukki 11
82%
2019/20 Norwich City Finland 30 Teemu Pukki 11
82%
2014/15 Manchester City Ivory Coast 32 Yaya Touré 10
82%
2013/14 Manchester City Ivory Coast 30 Yaya Touré 20
82%
2023/24 Bournemouth England 26 Dominic Solanke 19
81%
2022/23 Newcastle United England 31 Callum Wilson 18
80%
2020/21 Newcastle United England 29 Callum Wilson 12
80%
2018/19 Bournemouth England 27 Callum Wilson 14
80%
2020/21 Everton England 24 Dominic Calvert-Lewin 16
80%
2019/20 Everton England 23 Dominic Calvert-Lewin 13
80%
2018/19 Everton Iceland 29 Gylfi Sigurðsson 13
80%
2015/16 Swansea City Iceland 26 Gylfi Sigurðsson 11
80%
2024/25 Ipswich Town England 22 Liam Delap 12
80%
2016/17 Arsenal France 30 Olivier Giroud 12
80%
2015/16 Arsenal France 29 Olivier Giroud 16
80%
2014/15 Arsenal France 28 Olivier Giroud 14
80%
2013/14 Arsenal France 27 Olivier Giroud 16
80%
2012/13 Arsenal France 26 Olivier Giroud 11
80%
2010/11 Sunderland & Aston Villa England 27 Darren Bent 17
79%
2009/10 Sunderland England 26 Darren Bent 24
79%
2008/09 Tottenham Hotspur England 25 Darren Bent 12
79%
2006/07 Charlton Athletic England 23 Darren Bent 13
79%
2005/06 Charlton Athletic England 22 Darren Bent 18
79%
2016/17 Tottenham Hotspur England 21 Dele Alli 18
79%
2015/16 Tottenham Hotspur England 20 Dele Alli 10
79%
2024/25 West Ham United England 28 Jarrod Bowen 13
79%
2023/24 West Ham United England 27 Jarrod Bowen 16
79%
2021/22 West Ham United England 25 Jarrod Bowen 12
79%
2023/24 Aston Villa Jamaica 26 Leon Bailey 10
79%
2018/19 West Ham United Austria 30 Marko Arnautović 10
79%
2017/18 West Ham United Austria 29 Marko Arnautović 11
79%
2015/16 Stoke City Austria 27 Marko Arnautović 11
79%
2023/24 Crystal Palace France 22 Michael Olise 10
79%
2005/06 Manchester United Netherlands 29 Ruud van Nistelrooy 21
79%
2003/04 Manchester United Netherlands 27 Ruud van Nistelrooy 20
79%
2002/03 Manchester United Netherlands 26 Ruud van Nistelrooy 25
79%
2001/02 Manchester United Netherlands 25 Ruud van Nistelrooy 23
79%
2024/25 Brentford DR Congo 28 Yoane Wissa 19
79%
2023/24 Brentford DR Congo 27 Yoane Wissa 12
79%
2013/14 Arsenal Wales 23 Aaron Ramsey 10
78%
2022/23 Brentford England 27 Ivan Toney 20
78%
2021/22 Brentford England 26 Ivan Toney 12
78%
2024/25 Bournemouth Netherlands 26 Justin Kluivert 12
78%
2021/22 West Ham United Jamaica 32 Michail Antonio 10
78%
2020/21 West Ham United Jamaica 31 Michail Antonio 10
78%
2019/20 West Ham United Jamaica 30 Michail Antonio 10
78%
2002/03 Manchester United England 28 Paul Scholes 14
78%
1995/96 Manchester United England 21 Paul Scholes 10
78%
2011/12 Stoke City England 31 Peter Crouch 10
78%
2008/09 Portsmouth England 28 Peter Crouch 10
78%
2004/05 Southampton England 24 Peter Crouch 12
78%
2023/24 Newcastle United England 23 Anthony Gordon 11
77%
2007/08 Newcastle United England 28 Michael Owen 11
77%
2003/04 Liverpool England 24 Michael Owen 16
77%
2002/03 Liverpool England 23 Michael Owen 19
77%
2001/02 Liverpool England 22 Michael Owen 19
77%
2000/01 Liverpool England 21 Michael Owen 16
77%
1999/00 Liverpool England 20 Michael Owen 11
77%
1998/99 Liverpool England 19 Michael Owen 18
77%
1997/98 Liverpool England 18 Michael Owen 18
77%
2008/09 Liverpool & Tottenham Hotspur Ireland 28 Robbie Keane 10
77%
2007/08 Tottenham Hotspur Ireland 27 Robbie Keane 15
77%
2006/07 Tottenham Hotspur Ireland 26 Robbie Keane 11
77%
2005/06 Tottenham Hotspur Ireland 25 Robbie Keane 16
77%
2004/05 Tottenham Hotspur Ireland 24 Robbie Keane 11
77%
2003/04 Tottenham Hotspur Ireland 23 Robbie Keane 14
77%
2002/03 Leeds United & Tottenham Hotspur Ireland 22 Robbie Keane 14
77%
1999/00 Coventry City Ireland 19 Robbie Keane 12
77%
2020/21 Crystal Palace Belgium 30 Christian Benteke 10
76%
2016/17 Crystal Palace Belgium 26 Christian Benteke 15
76%
2014/15 Aston Villa Belgium 24 Christian Benteke 13
76%
2013/14 Aston Villa Belgium 23 Christian Benteke 10
76%
2012/13 Aston Villa Belgium 22 Christian Benteke 19
76%
2022/23 Newcastle United Paraguay 29 Miguel Almirón 11
76%
2021/22 Crystal Palace Ivory Coast 29 Wilfried Zaha 14
76%
2020/21 Crystal Palace Ivory Coast 28 Wilfried Zaha 11
76%
2018/19 Crystal Palace Ivory Coast 26 Wilfried Zaha 10
76%
2018/19 Burnley England 29 Ashley Barnes 12
75%
2022/23 Leicester City England 25 Harvey Barnes 13
75%
2011/12 Manchester City Italy 21 Mario Balotelli 13
75%
2016/17 Liverpool Brazil 24 Philippe Coutinho 13
74%
2009/10 Arsenal Spain 22 Cesc Fàbregas 15
73%
2018/19 Tottenham Hotspur Brazil 26 Lucas Moura 10
73%
2020/21 West Ham United Czech Republic 26 Tomáš Souček 10
73%
2005/06 Newcastle United England 35 Alan Shearer 10
72%
2003/04 Newcastle United England 33 Alan Shearer 22
72%
2002/03 Newcastle United England 32 Alan Shearer 17
72%
2001/02 Newcastle United England 31 Alan Shearer 23
72%
1999/00 Newcastle United England 29 Alan Shearer 23
72%
1998/99 Newcastle United England 28 Alan Shearer 14
72%
1996/97 Newcastle United England 26 Alan Shearer 25
72%
1995/96 Blackburn Rovers England 25 Alan Shearer 31
72%
1994/95 Blackburn Rovers England 24 Alan Shearer 34
72%
1993/94 Blackburn Rovers England 23 Alan Shearer 31
72%
1992/93 Blackburn Rovers England 22 Alan Shearer 16
72%
2020/21 Southampton England 28 Danny Ings 12
72%
2019/20 Southampton England 28 Danny Ings 22
72%
2014/15 Burnley England 22 Danny Ings 11
72%
2010/11 Liverpool Netherlands 30 Dirk Kuyt 13
72%
2008/09 Liverpool Netherlands 28 Dirk Kuyt 12
72%
2006/07 Liverpool Netherlands 26 Dirk Kuyt 12
72%
2016/17 Sunderland England 34 Jermain Defoe 15
72%
2015/16 Sunderland England 33 Jermain Defoe 15
72%
2012/13 Tottenham Hotspur England 30 Jermain Defoe 11
72%
2011/12 Tottenham Hotspur England 29 Jermain Defoe 11
72%
2009/10 Tottenham Hotspur England 27 Jermain Defoe 18
72%
2008/09 Portsmouth & Tottenham Hotspur England 26 Jermain Defoe 11
72%
2007/08 Tottenham Hotspur & Portsmouth England 25 Jermain Defoe 12
72%
2006/07 Tottenham Hotspur England 24 Jermain Defoe 10
72%
2004/05 Tottenham Hotspur England 22 Jermain Defoe 13
72%
2001/02 West Ham United England 19 Jermain Defoe 10
72%
2018/19 Bournemouth Norway 27 Joshua King 12
72%
2016/17 Bournemouth Norway 25 Joshua King 16
72%
2016/17 Arsenal England 28 Theo Walcott 10
72%
2012/13 Arsenal England 24 Theo Walcott 14
72%
2010/11 Newcastle United & Liverpool England 22 Andy Carroll 13
71%
2004/05 Fulham England 33 Andy Cole 12
71%
2003/04 Blackburn Rovers England 32 Andy Cole 11
71%
2001/02 Manchester United & Blackburn Rovers England 30 Andy Cole 13
71%
1999/00 Manchester United England 28 Andy Cole 19
71%
1998/99 Manchester United England 27 Andy Cole 17
71%
1997/98 Manchester United England 26 Andy Cole 15
71%
1995/96 Manchester United England 24 Andy Cole 11
71%
1994/95 Newcastle United & Manchester United England 23 Andy Cole 21
71%
1993/94 Newcastle United England 22 Andy Cole 34
71%
2009/10 West Ham United England 26 Carlton Cole 10
71%
2008/09 West Ham United England 25 Carlton Cole 10
71%
2001/02 Manchester United England 26 David Beckham 11
71%
2023/24 Wolverhampton Wanderers South Korea 28 Hwang Hee-chan 12
71%
2012/13 Chelsea Spain 25 Juan Mata 12
71%
2020/21 Arsenal Ivory Coast 25 Nicolas Pépé 10
71%
2009/10 Arsenal Russia 28 Andrey Arshavin 10
69%
2022/23 Leeds United Spain 32 Rodrigo Moreno 13
69%
2015/16 Swansea City Ghana 26 André Ayew 12
68%
1999/00 Manchester United Trinidad & Tobago 28 Dwight Yorke 20
68%
1998/99 Manchester United Trinidad & Tobago 27 Dwight Yorke 18
68%
1997/98 Aston Villa Trinidad & Tobago 26 Dwight Yorke 12
68%
1996/97 Aston Villa Trinidad & Tobago 25 Dwight Yorke 17
68%
1995/96 Aston Villa Trinidad & Tobago 24 Dwight Yorke 17
68%
1998/99 Arsenal Netherlands 30 Dennis Bergkamp 12
67%
1997/98 Arsenal Netherlands 28 Dennis Bergkamp 16
67%
1996/97 Arsenal Netherlands 28 Dennis Bergkamp 12
67%
1995/96 Arsenal Netherlands 26 Dennis Bergkamp 11
67%
2004/05 Arsenal Sweden 28 Freddie Ljungberg 10
67%
2001/02 Arsenal Sweden 25 Freddie Ljungberg 12
67%
1995/96 Manchester United Wales 22 Ryan Giggs 11
67%
1993/94 Manchester United Wales 20 Ryan Giggs 13
67%
2017/18 Chelsea Spain 25 Álvaro Morata 11
66%
2015/16 Southampton Italy 30 Graziano Pellè 11
66%
2014/15 Southampton Italy 29 Graziano Pellè 12
66%
2024/25 Wolverhampton Wanderers Norway 25 Jørgen Strand Larsen 14
66%
2019/20 Manchester United England 18 Mason Greenwood 10
65%
2020/21 Leeds United England 27 Patrick Bamford 17
65%
2004/05 Arsenal France 31 Robert Pires 14
65%
2003/04 Arsenal France 30 Robert Pires 14
65%
2002/03 Arsenal France 29 Robert Pires 14
65%
2001/02 Manchester United Norway 29 Ole Gunnar Solskjær 17
64%
2000/01 Manchester United Norway 28 Ole Gunnar Solskjær 10
64%
1999/00 Manchester United Norway 27 Ole Gunnar Solskjær 12
64%
1998/99 Manchester United Norway 26 Ole Gunnar Solskjær 12
64%
1996/97 Manchester United Norway 24 Ole Gunnar Solskjær 18
64%
2018/19 Newcastle United Venezuela 29 Salomón Rondón 11
64%
2011/12 Fulham United States 29 Clint Dempsey 17
63%
2010/11 Fulham United States 28 Clint Dempsey 12
63%
2010/11 Chelsea France 30 Florent Malouda 13
63%
2009/10 Chelsea France 29 Florent Malouda 12
63%
2020/21 Leicester City Nigeria 24 Kelechi Iheanacho 12
63%
2009/10 Everton France 31 Louis Saha 13
63%
2003/04 Fulham & Manchester United France 25 Louis Saha 20
63%
2021/22 Leeds United Brazil 25 Raphinha 11
63%
2008/09 Manchester City Brazil 25 Robinho 14
63%
2022/23 Nottingham Forest Nigeria 25 Taiwo Awoniyi 10
63%
1996/97 Manchester United France 30 Eric Cantona 11
62%
1995/96 Manchester United France 29 Eric Cantona 14
62%
1994/95 Manchester United France 28 Eric Cantona 12
62%
1993/94 Manchester United France 27 Eric Cantona 18
62%
1992/93 Leeds United & Manchester United France 26 Eric Cantona 15
62%
2024/25 Brentford Germany 23 Kevin Schade 11
62%
2014/15 Swansea City & Manchester City Ivory Coast 26 Wilfried Bony 11
62%
2013/14 Swansea City Ivory Coast 25 Wilfried Bony 17
62%
2000/01 Leeds United England 20 Alan Smith 11
61%
2004/05 Manchester City England 30 Robbie Fowler 10
61%
2001/02 Liverpool & Leeds United England 27 Robbie Fowler 15
61%
1998/99 Liverpool England 24 Robbie Fowler 14
61%
1996/97 Liverpool England 22 Robbie Fowler 18
61%
1995/96 Liverpool England 21 Robbie Fowler 28
61%
1994/95 Liverpool England 20 Robbie Fowler 25
61%
1993/94 Liverpool England 19 Robbie Fowler 12
61%
2010/11 Blackpool Scotland 25 Charlie Adam 12
60%
2008/09 Sunderland France 27 Djibril Cissé 10
60%
2004/05 Middlesbrough Netherlands 33 Jimmy Floyd Hasselbaink 13
60%
2003/04 Chelsea Netherlands 32 Jimmy Floyd Hasselbaink 12
60%
2002/03 Chelsea Netherlands 31 Jimmy Floyd Hasselbaink 11
60%
2001/02 Chelsea Netherlands 30 Jimmy Floyd Hasselbaink 23
60%
2000/01 Chelsea Netherlands 29 Jimmy Floyd Hasselbaink 23
60%
1998/99 Leeds United Netherlands 27 Jimmy Floyd Hasselbaink 18
60%
1997/98 Leeds United Netherlands 26 Jimmy Floyd Hasselbaink 16
60%
2012/13 Arsenal Germany 27 Lukas Podolski 11
60%
2014/15 Newcastle United Senegal 29 Papiss Cissé 11
60%
2011/12 Newcastle United Senegal 26 Papiss Cissé 13
60%
2004/05 Manchester City England 23 Shaun Wright-Phillips 11
60%
2002/03 Tottenham Hotspur England 37 Teddy Sheringham 12
60%
2001/02 Tottenham Hotspur England 36 Teddy Sheringham 10
60%
2000/01 Manchester United England 35 Teddy Sheringham 15
60%
1995/96 Tottenham Hotspur England 30 Teddy Sheringham 16
60%
1994/95 Tottenham Hotspur England 29 Teddy Sheringham 18
60%
1993/94 Tottenham Hotspur England 28 Teddy Sheringham 13
60%
1992/93 Nottingham Forest & Tottenham Hotspur England 27 Teddy Sheringham 22
60%
1997/98 Arsenal England 34 Ian Wright 10
59%
1996/97 Arsenal England 33 Ian Wright 23
59%
1995/96 Arsenal England 32 Ian Wright 15
59%
1994/95 Arsenal England 31 Ian Wright 18
59%
1993/94 Arsenal England 30 Ian Wright 23
59%
1992/93 Arsenal England 29 Ian Wright 15
59%
2022/23 Brighton & Hove Albion Argentina 24 Alexis Mac Allister 10
58%
2012/13 Arsenal Spain 28 Santi Cazorla 12
58%
2019/20 Chelsea England 22 Tammy Abraham 15
58%
2024/25 Bournemouth Ghana 25 Antoine Semenyo 11
57%
1999/00 Coventry City Scotland 35 Gary McAllister 11
57%
2004/05 Southampton England 31 Kevin Phillips 10
57%
2003/04 Southampton England 30 Kevin Phillips 12
57%
2001/02 Sunderland England 28 Kevin Phillips 11
57%
2000/01 Sunderland England 27 Kevin Phillips 14
57%
1999/00 Sunderland England 26 Kevin Phillips 30
57%
2003/04 Leicester City England 37 Les Ferdinand 12
56%
2000/01 Tottenham Hotspur England 34 Les Ferdinand 10
56%
1996/97 Newcastle United England 30 Les Ferdinand 16
56%
1995/96 Newcastle United England 29 Les Ferdinand 25
56%
1994/95 Queens Park Rangers England 28 Les Ferdinand 24
56%
1993/94 Queens Park Rangers England 27 Les Ferdinand 16
56%
1992/93 Queens Park Rangers England 26 Les Ferdinand 20
56%
2010/11 Liverpool Argentina 30 Maxi Rodríguez 10
56%
2012/13 Swansea City Spain 27 Michu 18
56%
2015/16 Southampton Ireland 29 Shane Long 10
56%
2019/20 Watford England 32 Troy Deeney 10
56%
2016/17 Watford England 28 Troy Deeney 10
56%
2015/16 Watford England 27 Troy Deeney 13
56%
2018/19 Newcastle United Spain 25 Ayoze Pérez 12
55%
2004/05 Chelsea Iceland 26 Eiður Guðjohnsen 12
55%
2002/03 Chelsea Iceland 24 Eiður Guðjohnsen 10
55%
2001/02 Chelsea Iceland 23 Eiður Guðjohnsen 14
55%
2000/01 Chelsea Iceland 22 Eiður Guðjohnsen 10
55%
2002/03 Chelsea Italy 36 Gianfranco Zola 14
55%
1998/99 Chelsea Italy 32 Gianfranco Zola 13
55%
2013/14 Southampton England 24 Jay Rodriguez 15
55%
2012/13 Everton Belgium 25 Marouane Fellaini 11
54%
2024/25 Bournemouth Brazil 25 Evanilson 10
53%
2016/17 Swansea City Spain 32 Fernando Llorente 15
52%
2010/11 Chelsea Ivory Coast 25 Salomon Kalou 10
52%
2004/05 Everton Australia 25 Tim Cahill 11
52%
2004/05 Birmingham City England 27 Emile Heskey 10
51%
2000/01 Liverpool England 23 Emile Heskey 14
51%
1999/00 Leicester City & Liverpool England 22 Emile Heskey 10
51%
1997/98 Leicester City England 20 Emile Heskey 10
51%
1996/97 Leicester City England 19 Emile Heskey 10
51%
2006/07 Middlesbrough Australia 31 Mark Viduka 14
51%
2003/04 Leeds United Australia 28 Mark Viduka 11
51%
2002/03 Leeds United Australia 27 Mark Viduka 20
51%
2001/02 Leeds United Australia 26 Mark Viduka 11
51%
2000/01 Leeds United Australia 25 Mark Viduka 17
51%
1997/98 Southampton England 29 Matt Le Tissier 11
51%
1996/97 Southampton England 28 Matt Le Tissier 13
51%
1994/95 Southampton England 26 Matt Le Tissier 19
51%
1993/94 Southampton England 25 Matt Le Tissier 25
51%
1992/93 Southampton England 24 Matt Le Tissier 15
51%
2021/22 Arsenal England 21 Emile Smith Rowe 10
50%
2015/16 Newcastle United Netherlands 25 Georginio Wijnaldum 11
50%
2002/03 Leeds United Australia 24 Harry Kewell 14
50%
1999/00 Leeds United Australia 21 Harry Kewell 10
50%
2014/15 Stoke City Senegal 27 Mame Biram Diouf 11
50%
2014/15 Tottenham Hotspur Belgium 25 Nacer Chadli 11
50%
2011/12 Tottenham Hotspur Netherlands 29 Rafael van der Vaart 11
50%
2010/11 Tottenham Hotspur Netherlands 28 Rafael van der Vaart 13
50%
2007/08 Blackburn Rovers Paraguay 26 Roque Santa Cruz 19
50%
2006/07 Portsmouth Nigeria 30 Nwankwo Kanu 10
49%
1999/00 Arsenal Nigeria 23 Nwankwo Kanu 12
49%
2009/10 Aston Villa England 23 Gabriel Agbonlahor 13
48%
2008/09 Aston Villa England 22 Gabriel Agbonlahor 11
48%
2007/08 Aston Villa England 21 Gabriel Agbonlahor 11
48%
2005/06 Chelsea Argentina 30 Hernán Crespo 10
48%
2003/04 Chelsea Argentina 28 Hernán Crespo 10
48%
2019/20 Brighton & Hove Albion France 23 Neal Maupay 10
48%
2013/14 Southampton England 32 Rickie Lambert 13
48%
2012/13 Southampton England 31 Rickie Lambert 15
48%
2015/16 Watford Nigeria 26 Odion Ighalo 16
47%
2010/11 Arsenal France 23 Samir Nasri 10
47%
2021/22 Southampton England 27 James Ward-Prowse 10
46%
1997/98 Barnsley England 27 Ashley Ward 11
45%
2011/12 Blackburn Rovers Nigeria 29 Yakubu Ayegbeni 17
45%
2007/08 Everton Nigeria 25 Yakubu Ayegbeni 15
45%
2006/07 Middlesbrough Nigeria 24 Yakubu Ayegbeni 12
45%
2005/06 Middlesbrough Nigeria 23 Yakubu Ayegbeni 13
45%
2004/05 Portsmouth Nigeria 22 Yakubu Ayegbeni 12
45%
2003/04 Portsmouth Nigeria 21 Yakubu Ayegbeni 16
45%
2009/10 Manchester City Wales 30 Craig Bellamy 10
44%
2005/06 Blackburn Rovers Wales 26 Craig Bellamy 13
44%
2001/02 Newcastle United Wales 22 Craig Bellamy 10
44%
1993/94 Manchester United Wales 30 Mark Hughes 12
44%
1992/93 Manchester United Wales 29 Mark Hughes 15
44%
2002/03 Aston Villa England 34 Dion Dublin 10
43%
1999/00 Aston Villa England 31 Dion Dublin 12
43%
1998/99 Coventry City & Aston Villa England 30 Dion Dublin 14
43%
1997/98 Coventry City England 29 Dion Dublin 18
43%
1996/97 Coventry City England 28 Dion Dublin 13
43%
1995/96 Coventry City England 27 Dion Dublin 14
43%
1994/95 Coventry City England 26 Dion Dublin 13
43%
1994/95 Tottenham Hotspur Germany 30 Jürgen Klinsmann 20
43%
1994/95 Liverpool Wales 33 Ian Rush 12
42%
1993/94 Liverpool Wales 32 Ian Rush 14
42%
1992/93 Liverpool Wales 31 Ian Rush 14
42%
1997/98 Arsenal Netherlands 25 Marc Overmars 12
42%
1999/00 West Ham United Italy 31 Paolo Di Canio 16
42%
1997/98 Sheffield Wednesday Italy 29 Paolo Di Canio 12
42%
2009/10 Aston Villa Norway 30 John Carew 10
41%
2008/09 Aston Villa Norway 29 John Carew 11
41%
2007/08 Aston Villa Norway 28 John Carew 13
41%
2014/15 Leicester City Argentina 28 Leonardo Ulloa 11
41%
2014/15 West Bromwich Albion Burundi 21 Saido Berahino 14
41%
2008/09 Blackburn Rovers South Africa 31 Benni McCarthy 10
40%
2006/07 Blackburn Rovers South Africa 29 Benni McCarthy 18
40%
1997/98 Blackburn Rovers England 25 Chris Sutton 18
40%
1996/97 Blackburn Rovers England 24 Chris Sutton 11
40%
1994/95 Blackburn Rovers England 22 Chris Sutton 15
40%
1993/94 Norwich City England 21 Chris Sutton 25
40%
2010/11 Blackpool England 29 DJ Campbell 13
40%
2021/22 Watford Nigeria 24 Emmanuel Dennis 10
40%
1997/98 Chelsea Italy 33 Gianluca Vialli 11
40%
2008/09 Sunderland Trinidad & Tobago 24 Kenwyne Jones 10
40%
2002/03 Everton England 33 Kevin Campbell 10
40%
1999/00 Everton England 30 Kevin Campbell 12
40%
1993/94 Arsenal England 24 Kevin Campbell 15
40%
2012/13 Sunderland Scotland 25 Steven Fletcher 11
40%
2011/12 Wolverhampton Wanderers Scotland 25 Steven Fletcher 12
40%
2010/11 Wolverhampton Wanderers Scotland 24 Steven Fletcher 10
40%
2018/19 Brighton & Hove Albion England 35 Glenn Murray 13
39%
2017/18 Brighton & Hove Albion England 34 Glenn Murray 12
39%
1997/98 Everton Scotland 26 Duncan Ferguson 11
38%
1996/97 Everton Scotland 25 Duncan Ferguson 10
38%
2006/07 Newcastle United Nigeria 22 Obafemi Martins 11
38%
2014/15 Queens Park Rangers England 25 Charlie Austin 18
37%
2018/19 Crystal Palace Serbia 28 Luka Milivojević 12
37%
2017/18 Crystal Palace Serbia 27 Luka Milivojević 10
37%
2010/11 Tottenham Hotspur Russia 29 Roman Pavlyuchenko 10
37%
2023/24 Luton Town England 28 Carlton Morris 11
36%
2001/02 Tottenham Hotspur Uruguay 34 Gus Poyet 10
36%
2000/01 Chelsea Uruguay 33 Gus Poyet 11
36%
1999/00 Chelsea Uruguay 32 Gus Poyet 10
36%
1998/99 Chelsea Uruguay 31 Gus Poyet 11
36%
2002/03 Arsenal France 28 Sylvain Wiltord 10
36%
2001/02 Arsenal France 28 Sylvain Wiltord 10
36%
1999/00 Chelsea Norway 26 Tore André Flo 10
36%
1998/99 Chelsea Norway 25 Tore André Flo 10
36%
1997/98 Chelsea Norway 24 Tore André Flo 11
36%
2011/12 West Bromwich Albion Nigeria 30 Peter Odemwingie 10
35%
2010/11 West Bromwich Albion Nigeria 29 Peter Odemwingie 15
35%
1995/96 Everton Russia 27 Andrei Kanchelskis 15
34%
1994/95 Manchester United Russia 26 Andrei Kanchelskis 14
34%
2010/11 Sunderland Ghana 25 Asamoah Gyan 10
34%
1997/98 Liverpool England 26 Steve McManaman 11
33%
2008/09 Bolton Wanderers England 32 Kevin Davies 11
32%
2012/13 West Ham United England 30 Kevin Nolan 10
32%
2010/11 Newcastle United England 28 Kevin Nolan 12
32%
1999/00 Tottenham Hotspur England 28 Chris Armstrong 14
31%
1995/96 Tottenham Hotspur England 24 Chris Armstrong 15
31%
1992/93 Crystal Palace England 21 Chris Armstrong 15
31%
2018/19 Watford Spain 25 Gerard Deulofeu 10
31%
2020/21 West Bromwich Albion Brazil 25 Matheus Pereira 11
31%
2013/14 Newcastle United France 27 Loïc Rémy 14
30%
1996/97 Liverpool England 26 Stan Collymore 12
30%
1995/96 Liverpool England 25 Stan Collymore 14
30%
1994/95 Nottingham Forest England 24 Stan Collymore 22
30%
2007/08 Portsmouth & Manchester City Zimbabwe 29 Benjani Mwaruwari 15
29%
1993/94 Leeds United Wales 24 Gary Speed 10
28%
2005/06 Everton England 28 James Beattie 10
28%
2003/04 Southampton England 26 James Beattie 14
28%
2002/03 Southampton England 25 James Beattie 23
28%
2001/02 Southampton England 24 James Beattie 12
28%
2000/01 Southampton England 23 James Beattie 11
28%
2005/06 Tottenham Hotspur Egypt 23 Mido 11
28%
1992/93 Queens Park Rangers England 21 Bradley Allen 10
27%
1999/00 West Ham United Costa Rica 23 Paulo Wanchope 12
27%
1997/98 Derby County Costa Rica 21 Paulo Wanchope 13
27%
2020/21 Aston Villa Netherlands 26 Anwar El Ghazi 10
26%
2001/02 West Ham United Mali 24 Frédéric Kanouté 11
26%
2000/01 West Ham United Mali 23 Frédéric Kanouté 11
26%
2009/10 Wigan Athletic Colombia 24 Hugo Rodallega 10
26%
1996/97 Middlesbrough Brazil 24 Juninho Paulista 12
26%
2016/17 Burnley Wales 27 Sam Vokes 10
25%
1996/97 Middlesbrough Italy 28 Fabrizio Ravanelli 16
24%
2011/12 Norwich City England 31 Grant Holt 15
24%
2006/07 Reading Ireland 23 Kevin Doyle 13
24%
2003/04 Birmingham City Finland 23 Mikael Forssell 17
24%
2008/09 Wigan Athletic Egypt 26 Amr Zaki 10
23%
2008/09 Bolton Wanderers England 27 Matt Taylor 10
23%
2006/07 West Ham United England 26 Bobby Zamora 11
22%
2001/02 Aston Villa England 21 Darius Vassell 12
22%
2010/11 Bolton Wanderers Sweden 29 Johan Elmander 10
22%
2003/04 Aston Villa Colombia 28 Juan Pablo Ángel 16
22%
2001/02 Aston Villa Colombia 26 Juan Pablo Ángel 12
22%
1995/96 Leeds United Ghana 29 Tony Yeboah 12
22%
1994/95 Leeds United Ghana 28 Tony Yeboah 12
22%
2012/13 Wigan Athletic Ivory Coast 29 Arouna Koné 11
20%
2014/15 West Ham United Senegal 25 Diafra Sakho 10
20%
2000/01 Middlesbrough Croatia 31 Alen Bokšić 12
18%
1992/93 Manchester City England 25 David White 16
18%
2000/01 Ipswich Town England 28 Marcus Stewart 19
18%
2001/02 Southampton Latvia 25 Marians Pahars 14
18%
1999/00 Southampton Latvia 23 Marians Pahars 13
18%
1994/95 Newcastle United England 34 Peter Beardsley 13
18%
1993/94 Newcastle United England 33 Peter Beardsley 21
18%
1992/93 Everton England 32 Peter Beardsley 10
18%
2008/09 Stoke City Jamaica 29 Ricardo Fuller 11
18%
1999/00 Tottenham Hotspur Norway 23 Steffen Iversen 14
18%
2012/13 Reading England 26 Adam Le Fondre 12
17%
1992/93 Norwich City England 23 Mark Robins 14
17%
1996/97 Aston Villa Serbia 23 Savo Milošević 10
17%
1995/96 Aston Villa Serbia 22 Savo Milošević 12
17%
2009/10 Birmingham City Grenada 23 Cameron Jerome 10
16%
2011/12 Swansea City England 26 Danny Graham 12
16%
1992/93 Coventry City England 31 Micky Quinn 17
16%
1999/00 Sunderland Ireland 33 Niall Quinn 14
16%
1999/00 Leicester City England 34 Tony Cottee 13
16%
1998/99 Leicester City England 33 Tony Cottee 10
16%
1995/96 West Ham United England 30 Tony Cottee 10
16%
1994/95 West Ham United England 29 Tony Cottee 13
16%
1993/94 Everton England 28 Tony Cottee 16
16%
1992/93 Everton England 27 Tony Cottee 12
16%
1992/93 Nottingham Forest England 27 Nigel Clough 10
15%
1994/95 Nottingham Forest Netherlands 25 Bryan Roy 13
14%
2005/06 Wigan Athletic Senegal 28 Henri Camara 12
14%
2005/06 West Ham United England 26 Marlon Harewood 14
14%
1993/94 Leeds United England 26 Brian Deane 11
13%
1992/93 Sheffield United England 25 Brian Deane 15
13%
2007/08 West Ham United England 24 Dean Ashton 10
13%
1993/94 Wimbledon England 31 John Fashanu 11
13%
1993/94 Sheffield Wednesday England 23 Gordon Watson 12
12%
1999/00 Middlesbrough Colombia 26 Hámilton Ricard 12
12%
1998/99 Middlesbrough Colombia 25 Hámilton Ricard 14
12%
2003/04 Charlton Athletic Jamaica 27 Jason Euell 10
12%
2002/03 Charlton Athletic Jamaica 26 Jason Euell 10
12%
2001/02 Charlton Athletic Jamaica 25 Jason Euell 11
12%
1997/98 West Ham United Wales 23 John Hartson 15
12%
2000/01 Charlton Athletic Finland 25 Jonatan Johansson 11
12%
1998/99 Wimbledon Jamaica 28 Marcus Gayle 10
12%
1999/00 Everton England 26 Nick Barmby 10
12%
2003/04 Leicester City Scotland 31 Paul Dickov 11
12%
1995/96 Wimbledon Jamaica 31 Robbie Earle 11
12%
2002/03 Everton Canada 29 Tomasz Radzinski 11
12%
1994/95 Manchester City Germany 26 Uwe Rösler 15
12%
1993/94 Swindon Town Norway 27 Jan Åge Fjørtoft 12
11%
1992/93 Liverpool England 28 Mark Walters 11
11%
2004/05 West Bromwich Albion Wales 24 Robert Earnshaw 11
11%
1994/95 Sheffield Wednesday England 32 Mark Bright 11
10%
1993/94 Sheffield Wednesday England 31 Mark Bright 19
10%
1992/93 Crystal Palace & Sheffield Wednesday England 30 Mark Bright 12
10%
2001/02 Blackburn Rovers England 24 Matt Jansen 10
10%
1994/95 Newcastle United Montserrat 27 Ruel Fox 10
10%
2007/08 Reading England 28 Dave Kitson 10
9%
1997/98 Blackburn Rovers Scotland 31 Kevin Gallacher 16
9%
1996/97 Blackburn Rovers Scotland 30 Kevin Gallacher 10
9%
1992/93 Coventry City & Blackburn Rovers Scotland 26 Kevin Gallacher 11
9%
1994/95 Coventry City Zimbabwe 22 Peter Ndlovu 11
9%
1993/94 Coventry City Zimbabwe 21 Peter Ndlovu 11
9%
1992/93 Aston Villa England 25 Dalian Atkinson 11
8%
1994/95 Aston Villa Wales 30 Dean Saunders 15
8%
1993/94 Aston Villa Wales 29 Dean Saunders 10
8%
1992/93 Liverpool & Aston Villa Wales 28 Dean Saunders 14
8%
1999/00 Bradford City England 31 Dean Windass 10
8%
1996/97 Wimbledon Nigeria 29 Efan Ekoku 11
8%
1993/94 Norwich City Nigeria 26 Efan Ekoku 12
8%
1999/00 Leeds United England 21 Michael Bridges 19
8%
1994/95 Manchester City England 32 Paul Walsh 12
8%
1997/98 Leeds United England 28 Rod Wallace 10
8%
1993/94 Leeds United England 24 Rod Wallace 17
8%
1995/96 Sheffield Wednesday England 28 David Hirst 13
7%
1992/93 Sheffield Wednesday England 25 David Hirst 11
7%
1995/96 West Ham United England 27 Julian Dicks 10
7%
1998/99 Aston Villa England 24 Julian Joachim 14
7%
1992/93 Leeds United England 33 Lee Chapman 15
7%
1993/94 Chelsea England 28 Mark Stein 13
7%
2001/02 Bolton Wanderers England 23 Michael Ricketts 13
7%
1995/96 Wimbledon England 27 Dean Holdsworth 10
6%
1993/94 Wimbledon England 25 Dean Holdsworth 17
6%
1992/93 Wimbledon England 24 Dean Holdsworth 19
6%
1994/95 Aston Villa & Sheffield Wednesday England 30 Guy Whittingham 11
6%
1993/94 Ipswich Town England 28 Ian Marshall 10
6%
1992/93 Blackburn Rovers England 28 Mike Newell 13
6%
1992/93 Ipswich Town England 23 Chris Kiwomya 10
5%
1997/98 Coventry City England 22 Darren Huckerby 14
5%
1997/98 Southampton Norway 26 Egil Østenstad 11
5%
1999/00 Sheffield Wednesday Belgium 28 Gilles De Bilde 10
5%
1992/93 Southampton Northern Ireland 28 Iain Dowie 11
5%
1995/96 Chelsea Scotland 25 John Spencer 13
5%
1994/95 Chelsea Scotland 24 John Spencer 11
5%
1994/95 Queens Park Rangers England 19 Kevin Gallen 10
5%
1997/98 Barnsley England 32 Neil Redfearn 10
5%
1998/99 Coventry City England 24 Noel Whelan 10
5%
1994/95 Everton England 30 Paul Rideout 14
5%
1993/94 West Ham United England 33 Trevor Morley 13
5%
1996/97 Sheffield Wednesday England 23 Andy Booth 10
4%
1995/96 Queens Park Rangers England 21 Danny Dichio 10
4%
1994/95 Chelsea England 26 Paul Furlong 10
4%
1997/98 Derby County Italy 30 Francesco Baiano 12
3%
1992/93 Manchester City England 21 Mike Sheron 11
3%
1992/93 Middlesbrough England 28 Paul Wilkinson 13
3%
1996/97 Leicester City England 31 Steve Claridge 11
3%
1992/93 Oldham Athletic England 23 Ian Olney 12
2%
1997/98 Bolton Wanderers Wales 26 Nathan Blake 12
2%
No matching quizzes found
Score Distribution
Percent of People with Each Score
Percentile by Number Answered
Your Score History
You have not taken this quiz since the last reset